Normal view
MARC view
Entry Topical Term
001 - CONTROL NUMBER
- control field: 13022
003 - CONTROL NUMBER IDENTIFIER
- control field: BD-RjUL
005 - DATE AND TIME OF LATEST TRANSACTION
- control field: 20240515121831.0
008 - FIXED-LENGTH DATA ELEMENTS
- fixed length control field: 240515|| aca||aabn | a|a d
040 ## - CATALOGING SOURCE
- Original cataloging agency: BD-RjUL
- Transcribing agency: BD-RjUL
150 ## - HEADING--TOPICAL TERM
- Topical term or geographic name entry element: Fungal
- Form subdivision: Poultry Feed
670 ## - SOURCE DATA FOUND
- Source citation: Work cat.: (BD-RjUL)83751: Islam, Md. Rafiqul 1188, Studies on Fungal Flora of Poultry Feed and Their Control /, 2006